| 000 | 00927nam a2200205 i 4500 | ||
|---|---|---|---|
| 001 | 7226 | ||
| 003 | ES-MaACL | ||
| 005 | 20230906145204.0 | ||
| 007 | t| | ||
| 008 | 901024s1875 po ||||1| por d | ||
| 080 | _a061.12(469.411)A.R.S. | ||
| 110 | 2 |
_aAcademia das Ciências de Lisboa. _91159 |
|
| 245 | 1 | 0 |
_aSessao publica da Academia Real das Sciencias de Lisboa em 12 de dezembro de 1875 _b: ; Discurso recitado na mesma sessao / _cpelo Vice-presidente Jose Vicente Barboza du Bocage ; e Relatorio dos trabalhos da Academia / pelo Secretario Geral Interino Jose Maria Latino Coelho. |
| 260 |
_aLisboa : _bTypographia da Academia, _c1875. |
||
| 300 |
_aXXXVIII, 71 p. ; _c22 cm. |
||
| 610 | 2 |
_aAcademia das Ciências de Lisboa. _91159 |
|
| 700 | 1 |
_aBarbosa du Bocage, José Vicente. _925476 |
|
| 700 | 1 |
_aCoelho, José María Latino ( _d1825-1891) _9126522 |
|
| 852 |
_aES-MaACL _jR-2776(2) _q. - Encuadernado con otras obras |
||
| 999 |
_c7226 _d7226 |
||